<?xml version="1.0" encoding="UTF-8"?>
<record
    xmlns:xsi="http://www.w3.org/2001/XMLSchema-instance"
    xsi:schemaLocation="http://www.loc.gov/MARC21/slim http://www.loc.gov/standards/marcxml/schema/MARC21slim.xsd"
    xmlns="http://www.loc.gov/MARC21/slim">

  <leader>01034nam a22001937a 4500</leader>
  <controlfield tag="003">OSt</controlfield>
  <controlfield tag="005">20251117155939.0</controlfield>
  <controlfield tag="008">251117b        |||||||| |||| 00| 0 eng d</controlfield>
  <datafield tag="040" ind1=" " ind2=" ">
    <subfield code="c">DCL</subfield>
  </datafield>
  <datafield tag="082" ind1=" " ind2=" ">
    <subfield code="a">&#x1042;&#x1049;&#x1044;.&#x1043;&#x1048;&#x1042;&#x1043;&#x1041;&#x1042;</subfield>
  </datafield>
  <datafield tag="130" ind1=" " ind2=" ">
    <subfield code="a">&#x1010;&#x102D;&#x1015;&#x102D;&#x100B;&#x1000;&#x104B;</subfield>
    <subfield code="p">&#x101E;&#x102F;&#x1010;&#x1039;&#x1010;&#x1014;&#x1039;&#x1010;&#x1015;&#x102D;&#x100B;&#x1000;&#x104B;</subfield>
    <subfield code="t">&#x1019;&#x101F;&#x102C;&#x101D;&#x1002;&#x1039;&#x1002;&#x104A;</subfield>
    <subfield code="l">&#x1021;&#x100B;&#x1039;&#x100C;&#x1000;&#x1011;&#x102C;&#x104A;</subfield>
    <subfield code="s">&#x1014;&#x102D;&#x103F;&#x101A;&#x104B;</subfield>
  </datafield>
  <datafield tag="245" ind1=" " ind2=" ">
    <subfield code="a">&#x1019;&#x101F;&#x102C;&#x101D;&#x102B;&#x1021;&#x100B;&#x1039;&#x100C;&#x1000;&#x1011;&#x102C;&#x1014;&#x102D;&#x103F;&#x101A;&#x101E;&#x1005;&#x103A; &#x104A;</subfield>
    <subfield code="b">&#x1015;&#x1011;&#x1019;&#x1010;&#x103D;&#x1032; /</subfield>
    <subfield code="c">&#x1021;&#x101E;&#x103B;&#x103E;&#x1004;&#x103A;&#x1014;&#x1014;&#x1039;&#x1012;&#x101D;&#x1036;&#x101E; &#x1019;&#x101F;&#x102C;&#x1011;&#x1031;&#x101B;&#x103A;&#x104B;</subfield>
  </datafield>
  <datafield tag="264" ind1=" " ind2=" ">
    <subfield code="a">&#x101B;&#x1014;&#x103A;&#x1000;&#x102F;&#x1014;&#x103A; &#x104A;</subfield>
    <subfield code="b">&#x101F;&#x1036;&#x101E;&#x102C;&#x101D;&#x1010;&#x102E;&#x1015;&#x102F;&#x1036;&#x1014;&#x103E;&#x102D;&#x1015;&#x103A;&#x1010;&#x102D;&#x102F;&#x1000;&#x103A;&#x104A;</subfield>
    <subfield code="c">&#x1041;&#x1049;&#x1046;&#x1045;&#x104B;</subfield>
  </datafield>
  <datafield tag="300" ind1=" " ind2=" ">
    <subfield code="a">&#x1010;&#x104A; &#x1046;&#x1042;&#x1041; &#x1005;&#x102C;&#x1019;&#x103B;&#x1000;&#x103A;&#x1014;&#x103E;&#x102C; &#x104A;</subfield>
    <subfield code="c">&#x1042;&#x1046; &#x1005;&#x1004;&#x103A;&#x1010;&#x102E;&#x104B;</subfield>
  </datafield>
  <datafield tag="650" ind1=" " ind2=" ">
    <subfield code="a">&#x1019;&#x101F;&#x102C;&#x101D;&#x102B;</subfield>
    <subfield code="v">&#x1021;&#x100B;&#x1039;&#x100C;&#x1000;&#x1011;&#x102C;&#x1014;&#x102D;&#x103F;&#x101A;&#x104B;</subfield>
  </datafield>
  <datafield tag="650" ind1=" " ind2=" ">
    <subfield code="a">&#x1019;&#x101F;&#x102C;&#x101D;&#x1002;&#x1039;&#x1002;</subfield>
    <subfield code="v">&#x1021;&#x100B;&#x1039;&#x100C;&#x1000;&#x1011;&#x102C;&#x1014;&#x102D;&#x103F;&#x101A;&#x104B;</subfield>
  </datafield>
  <datafield tag="700" ind1="0" ind2=" ">
    <subfield code="a">&#x1014;&#x1014;&#x1039;&#x1012;&#x101D;&#x1036;&#x101E; &#x1019;&#x101F;&#x102C;&#x1011;&#x1031;&#x101B;&#x103A;&#x104A; &#x1021;&#x101E;&#x103B;&#x103E;&#x1004;&#x103A;</subfield>
  </datafield>
  <datafield tag="942" ind1=" " ind2=" ">
    <subfield code="2">ddc</subfield>
    <subfield code="c">SHORT TERM</subfield>
    <subfield code="n">0</subfield>
  </datafield>
  <datafield tag="952" ind1=" " ind2=" ">
    <subfield code="0">0</subfield>
    <subfield code="1">0</subfield>
    <subfield code="2">ddc</subfield>
    <subfield code="4">0</subfield>
    <subfield code="7">0</subfield>
    <subfield code="8">P</subfield>
    <subfield code="a">DHAM</subfield>
    <subfield code="b">DHAM</subfield>
    <subfield code="c">Myanmar Pitaka Shelves</subfield>
    <subfield code="d">2025-11-17</subfield>
    <subfield code="l">0</subfield>
    <subfield code="o">&#x1042;&#x1049;&#x1044;.&#x1043;&#x1048;&#x1042;&#x1043;&#x1041;&#x1042; &#x1012;&#x102E; &#x1041;&#x1043;&#x1042;&#x1047;</subfield>
    <subfield code="p">MB00001327</subfield>
    <subfield code="r">2025-11-17 15:58:50</subfield>
    <subfield code="w">2025-11-17</subfield>
    <subfield code="y">SHORT TERM</subfield>
    <subfield code="A">&#x1041;&#x1043;&#x1042;&#x1047;</subfield>
  </datafield>
  <datafield tag="999" ind1=" " ind2=" ">
    <subfield code="c">2513</subfield>
    <subfield code="d">2513</subfield>
  </datafield>
</record>
